• 首页
  • 本馆介绍
  • 公告通知
  • 最新文献
  • 馆藏检索
  • 电子资源
  • 读者导购
  • 参考咨询
  • 我的图书馆
  • 登录
  • 详细信息显示
  • 放入我的书架
  • 预约/预借图书
  • 作者相关作品
  • 分类相关作品
  • 丛书相关作品
  • 出版社相关作品

书目信息

  • 表格格式
  • 工作单格式
  • 卡片格式
题名:
炼油设备技术
    
 
作者: 杨启明 , 马欣 编著
分册:  
出版信息: 北京   中国石化出版社  2016
页数: 365页
开本: 26cm
丛书名:
单 册:
中图分类: TE96
科图分类:
主题词: 石油炼制--机械设备--高等教育--教材
电子资源:
ISBN: 978-7-5114-4207-9
000 00937nam0 2200253 450
001 2355108918
005 20231129151929.50
010    @a978-7-5114-4207-9@dCNY46.00
100    @a20181129d2016 em y0chiy50 ea
101 0  @achi
102    @aCN@b110000
105    @aa z 000yy
200 1  @a炼油设备技术@Alian you she bei ji shu@f杨启明,马欣编著
205    @a2版
210    @a北京@c中国石化出版社@d2016
215    @a365页@c图@d26cm
300    @a普通高等教育“十三五”规划教材
330    @a本书介绍了石油的组成及石油产品、炼油厂类型、生产流程及其应用;重点介绍了原油预处理设备、常减压蒸馏设备、催化裂化设备、催化重整设备、加氢精制设备、延迟焦化设备及与炼油设备密切相关的附属设备,如工艺管道及零部件和油品储存设备等内容。
606 0  @a石油炼制@x机械设备@x高等教育@j教材
690    @aTE96@v5
701  0 @a杨启明@Ayang qi ming@4编著
701  0 @a马欣@Ama xin@4编著
801  0 @aCN@b山东中教@c20231126
905    @aBZT@dTE96@e6=2
    
    炼油设备技术/杨启明,马欣编著.-2版.-北京:中国石化出版社,2016
    365页:图;26cm
    普通高等教育“十三五”规划教材
    
    ISBN 978-7-5114-4207-9:CNY46.00
    本书介绍了石油的组成及石油产品、炼油厂类型、生产流程及其应用;重点介绍了原油预处理设备、常减压蒸馏设备、催化裂化设备、催化重整设备、加氢精制设备、延迟焦化设备及与炼油设备密切相关的附属设备,如工艺管道及零部件和油品储存设备等内容。
●
相关链接 在五车中查询图书 在当当中查询图书 在豆瓣中查询图书


正题名:炼油设备技术     索取号:TE96/6=2         预约/预借

序号 登录号 条形码 馆藏地/架位号 状态 备注
1 2001195970   2001195970   中教(第二批第二书库)/山东中教(第二批)/320/ [索取号:TE96/6=2] 在馆    
2 2001195971   2001195971   中教(第二批第二书库)/山东中教(第二批)/320/ [索取号:TE96/6=2] 在馆    
3 2001195972   2001195972   中教(第二批第二书库)/山东中教(第二批)/320/ [索取号:TE96/6=2] 在馆    
4 2001195973   2001195973   中教(第二批第二书库)/山东中教(第二批)/320/ [索取号:TE96/6=2] 在馆    
5 2001195974   2001195974   中教(第二批第二书库)/山东中教(第二批)/320/ [索取号:TE96/6=2] 在馆    
6 2001195975   2001195975   中教(第二批第二书库)/山东中教(第二批)/320/ [索取号:TE96/6=2] 在馆    
7 2001195976   2001195976   中教(第二批第二书库)/山东中教(第二批)/320/ [索取号:TE96/6=2] 在馆    
8 2001195977   2001195977   中教(第二批第二书库)/山东中教(第二批)/320/ [索取号:TE96/6=2] 在馆    
9 2001195978   2001195978   中教(第二批第二书库)/山东中教(第二批)/320/ [索取号:TE96/6=2] 在馆    
10 2001195979   2001195979   中教(第二批第二书库)/山东中教(第二批)/320/ [索取号:TE96/6=2] 在馆    
11 2001195980   2001195980   中教(第二批第二书库)/山东中教(第二批)/320/ [索取号:TE96/6=2] 在馆    
12 2001195981   2001195981   中教(第二批第二书库)/山东中教(第二批)/320/ [索取号:TE96/6=2] 在馆    
13 2001195982   2001195982   中教(第二批第二书库)/山东中教(第二批)/320/ [索取号:TE96/6=2] 在馆    
14 2001195983   2001195983   中教(第二批第二书库)/山东中教(第二批)/320/ [索取号:TE96/6=2] 在馆    
15 2001195984   2001195984   中教(第二批第二书库)/山东中教(第二批)/320/ [索取号:TE96/6=2] 在馆    
16 2001195985   2001195985   中教(第二批第二书库)/山东中教(第二批)/320/ [索取号:TE96/6=2] 在馆    
17 2001195986   2001195986   中教(第二批第二书库)/山东中教(第二批)/320/ [索取号:TE96/6=2] 在馆    
18 2001195987   2001195987   中教(第二批第二书库)/山东中教(第二批)/320/ [索取号:TE96/6=2] 在馆    
19 2001195988   2001195988   中教(第二批第二书库)/山东中教(第二批)/320/ [索取号:TE96/6=2] 在馆    
20 2001195989   2001195989   中教(第二批第二书库)/山东中教(第二批)/320/ [索取号:TE96/6=2] 在馆    
21 2001195990   2001195990   中教(第二批第二书库)/山东中教(第二批)/320/ [索取号:TE96/6=2] 在馆    
22 2001195991   2001195991   中教(第二批第二书库)/山东中教(第二批)/320/ [索取号:TE96/6=2] 在馆    
23 2001195992   2001195992   中教(第二批第二书库)/山东中教(第二批)/320/ [索取号:TE96/6=2] 在馆    
24 2001195993   2001195993   中教(第二批第二书库)/山东中教(第二批)/320/ [索取号:TE96/6=2] 在馆    
25 2001195994   2001195994   中教(第二批第二书库)/山东中教(第二批)/320/ [索取号:TE96/6=2] 在馆    
26 2001195995   2001195995   中教(第二批第二书库)/山东中教(第二批)/320/ [索取号:TE96/6=2] 在馆    
27 2001195996   2001195996   中教(第二批第二书库)/山东中教(第二批)/320/ [索取号:TE96/6=2] 在馆    
28 2001195997   2001195997   中教(第二批第二书库)/山东中教(第二批)/320/ [索取号:TE96/6=2] 在馆    
29 2001195998   2001195998   中教(第二批第二书库)/山东中教(第二批)/320/ [索取号:TE96/6=2] 在馆    
30 2001195999   2001195999   中教(第二批第二书库)/山东中教(第二批)/320/ [索取号:TE96/6=2] 在馆    
山东省滨州职业学院图书馆 欢迎您!
大连网信软件有限公司© 版权所有